A szuverén adósságválság és kezelésének tapasztalatai Magyarországon

Bibliographic Details
Main Author: Kurz Katalin
Other Authors: Losoncz Dr. Miklós
Format: Thesis
Kulcsszavak:szuverén adósságválság
Válságkezelés
globális pénzügyi és gazdasági válság
Online Access:http://dolgozattar.uni-bge.hu/12174

MARC

LEADER 00000nta a2200000 i 4500
001 dolg12174
005 20170518131737.0
008 170518suuuu hu om 000 hun d
040 |a BGE Dolgozattár Repozitórium  |b hun 
041 |a hu 
100 1 |a Kurz Katalin 
245 1 2 |a A szuverén adósságválság és kezelésének tapasztalatai Magyarországon  |c Kurz Katalin  |h [elektronikus dokumentum] 
695 |a szuverén adósságválság 
695 |a Válságkezelés 
695 |a globális pénzügyi és gazdasági válság 
700 1 |a Losoncz Dr. Miklós  |e ths 
856 4 0 |u http://dolgozattar.uni-bge.hu/12174/1/Szakdolgozat_KK_k.pdf  |z Dokumentum-elérés